| 000 | 00871nmm a2200265 a 4500 | ||
|---|---|---|---|
| 001 | ocm000955385 | ||
| 003 | TR-IsHL | ||
| 005 | 20201028150538.0 | ||
| 008 | 150110s2014 tu eng | ||
| 007 | cr cn | ||
| 020 | _a9781505488654 | ||
| 035 |
_a955385 _b(N$T) |
||
| 050 | 0 | 4 |
_aQA155.5 _b.B66 2014 |
| 090 | 0 | 4 |
_aQA155.5 _b.B66 2014 |
| 100 | 1 | _aBoole, Mary Everest | |
| 245 | 1 | 0 |
_aPhilosophy & fun of algebra _h[electronic resource] / _cMary Everest Boole |
| 260 |
_aİstanbul : _bE-Kitap Projesi, _c2014 |
||
| 300 | _a44 p. | ||
| 650 | 4 | _aMatematik ve İstatistik | |
| 650 | 4 | _aMathematics and Statistics | |
| 650 | 0 |
_aCebir _xÇalışma ve öğretim |
|
| 650 | 0 |
_aAlgebra _xStudy and teaching |
|
| 650 | 7 |
_aMATHEMATICS / Algebra / Linear _2bisacsh |
|
| 856 | 4 | 0 | _uhttp://search.ebscohost.com/login.aspx?direct=true&scope=site&db=e011xww&AN=955385 |
| 999 |
_c10532 _d10532 |
||